Central Library OPAC University of Rajshahi

The fundamental forms of social thought / (Record no. 33158)

MARC details
000 -LEADER
fixed length control field 00782nam a22002531 4500
001 - CONTROL NUMBER
control field 33158
003 - CONTROL NUMBER IDENTIFIER
rucl marc code BD-RjUL
005 - DATE AND TIME OF LATEST TRANSACTION
control field 20211209051946.0
008 - FIXED-LENGTH DATA ELEMENTS--GENERAL INFORMATION
fixed length control field 140430s1962 enk b 001 0 eng
035 ## - SYSTEM CONTROL NUMBER
System control number (BD-RjUL)33249
040 ## - CATALOGING SOURCE
Original cataloging agency DLC
Transcribing agency DLC
Modifying agency DLC
-- BD-RjUL
Language of cataloging eng
041 ## - LANGUAGE CODE
Language code of text/sound track or separate title eng
082 ## - DEWEY DECIMAL CLASSIFICATION NUMBER
Classification number 301.09
Author mark and year STF 1962
100 1# - MAIN ENTRY--PERSONAL NAME
Personal name Stark, Werner,
Dates associated with a name 1909-1985.
9 (RLIN) 100713
245 14 - TITLE STATEMENT
Title The fundamental forms of social thought /
Statement of responsibility, etc. Werner Stark
260 ## - PUBLICATION, DISTRIBUTION, ETC. (IMPRINT)
Place of publication, distribution, etc. London :
Name of publisher, distributor, etc. Routledge & K. Paul,
Date of publication, distribution, etc. 1962.
300 ## - PHYSICAL DESCRIPTION
Pagination viii, 270 [13] p. ;
Size 23 cm.
490 0# - SERIES STATEMENT
Series statement International library of sociology and social reconstruction
504 ## - BIBLIOGRAPHY, ETC. NOTE
Bibliography, etc Bibliographical footnotes and index.
650 #0 - SUBJECT ADDED ENTRY--TOPICAL TERM
Topical term or geographic name as entry element Sociology
General subdivision History.
9 (RLIN) 100714
942 ## - ADDED ENTRY ELEMENTS (KOHA)
Source of classification or shelving scheme Dewey Decimal Classification
Koha item type Books
Holdings
Lost status Source of classification or shelving scheme Damaged status Not for loan Collection code Permanent Location Current Location Shelving location Date acquired Source of acquisition Cost, normal purchase price Total Checkouts Full call number Date last seen Copy number Koha item type
  Dewey Decimal Classification     Non-fiction Central Library, University of Rajshahi Central Library, University of Rajshahi   15/11/1967 Zitlinger 32.00   301.09 STF 1962 30/04/2014 C-4 Books
  Dewey Decimal Classification     Non-fiction Central Library, University of Rajshahi Central Library, University of Rajshahi   26/03/1965 Sweet + Zeitlinger 32.00   301.09 STF 1962 12/05/2014 C-7 Books
  Dewey Decimal Classification     Non-fiction Central Library, University of Rajshahi Central Library, University of Rajshahi   25/03/1965 Sweet + Zeitlinger 32.00   301.09 STF 1962 12/05/2014 C-9 Books
  Dewey Decimal Classification     Non-fiction Central Library, University of Rajshahi Central Library, University of Rajshahi   15/11/1967 zeithinger 32.00   301.09 STF 1962 14/05/2014 C-5 Books
  Dewey Decimal Classification     Non-fiction Central Library, University of Rajshahi Central Library, University of Rajshahi   26/03/1965 Sweet & Zeitlinger 32.00   301.09 STF 1962 17/05/2014 C-10 Books
  Dewey Decimal Classification     Non-fiction Central Library, University of Rajshahi Central Library, University of Rajshahi   26/03/1965 Sweet & Zeitlinger 32.00   301.09 STF 1962 17/05/2014 C-8 Books
  Dewey Decimal Classification     Non-fiction Central Library, University of Rajshahi Central Library, University of Rajshahi     Swets & zeitlinger 25.89   301.09 STF 1962 07/12/2016 C-6 Books
  Dewey Decimal Classification   Not For Loan Non-fiction Central Library, University of Rajshahi Central Library, University of Rajshahi Reading Room 24/06/1965 Euro-Pak. 25.89   301.09 STF 1962 23/03/2021 C-1 Books
  Dewey Decimal Classification     Non-fiction Central Library, University of Rajshahi Central Library, University of Rajshahi   08/03/1966 Zeitlinger     301.09 STF 1962 23/03/2021 C-2 Books
  Dewey Decimal Classification     Non-fiction Central Library, University of Rajshahi Central Library, University of Rajshahi General Stacks 28/02/1964 Zeitlinger 30.00   301.09 STF 1962 19/10/2022 C-3 Books
  Dewey Decimal Classification     Non-fiction Central Library, University of Rajshahi Central Library, University of Rajshahi General Stacks 01/09/2025 Swets & Zeitlinger 32.00   301.09 STF 1962 01/09/2025 C-11 Books
  Dewey Decimal Classification     Non-fiction Central Library, University of Rajshahi Central Library, University of Rajshahi General Stacks 02/09/2025 Swets & Zeitlinger 32.00   301.09 STF 1962 02/09/2025 C-12 Books
  Dewey Decimal Classification     Non-fiction Central Library, University of Rajshahi Central Library, University of Rajshahi General Stacks 15/11/1967 Zeitlinger 32.00   301.09 STF 1962 10/09/2025 C-13 Books